000 00230nam a22000857a 4500
008 160712b xxu||||| |||| 00| 0 eng d
100 _92671
_a Singh, P
245 _aMaharaja Ranjit Singh
260 _aNew Delhi
_bNational Book Trust
_c2004
999 _c2324
_d2324